Libro de Buen Amor (Record no. 135706)

MARC details
000 -LEADER
campo de control de longitud fija 00665nam a2200169 4500
001 - NÚMERO DE CONTROL
campo de control 135706
003 - IDENTIFICADOR DE NÚMERO DE CONTROL
campo de control ES-MaACL
005 - FECHA Y HORA DE LA ÚLTIMA TRANSACCIÓN
campo de control 20230906194933.0
007 - CAMPO FIJO DE DESCRIPCIÓN FÍSICA--INFORMACIÓN GENERAL
campo de control de longitud fija t|
008 - DATOS DE LONGITUD FIJA--INFORMACIÓN GENERAL
campo de control de longitud fija 070214s1975 sp r ||||1| spa d
100 1# - ENTRADA PRINCIPAL--NOMBRE DE PERSONA
Nombre de persona Ruiz, Juan
Títulos y otros términos asociados al nombre Arcipreste de Hita.
9 (RLIN) 100615
245 10 - MENCIÓN DEL TÍTULO
Título Libro de Buen Amor
Resto del título : edición facsímil del Códice de Salamanca, Ms. 2.663 /
Mención de responsabilidad, etc. Juan Ruiz, Arcipreste de Hita ; [estudio histórico-crítico y transcripción textual... por César Real de la Riva].
260 ## - PUBLICACIÓN, DISTRIBUCIÓN, ETC.
Lugar de publicación, distribución, etc. Madrid :
Nombre del editor, distribuidor, etc. Ed. Internacional de Libros Antiguos,
Fecha de publicación, distribución, etc. 1975.
300 ## - DESCRIPCIÓN FÍSICA
Extensión 2 v. ;
Dimensiones 29 cm.
700 1# - ENTRADA AGREGADA--NOMBRE PERSONAL
Nombre de persona Real de la Riva, César.
9 (RLIN) 95681
852 ## - LOCALIZACIÓN
Ubicación ES-MaACL
Número de control de estantería E-8096-7
Sublocalización o colección R.92734
Holdings
Estatus retirado Estado de pérdida Estado de daño No para préstamo Biblioteca de origen Biblioteca actual Ubicación en estantería Fecha de adquisición Fuente de adquisición Total de préstamos Signatura topográfica completa Código de barras Visto por última vez Precio de reemplazo Tipo de ítem Koha
        Biblioteca del Ateneo de Madrid Biblioteca del Ateneo de Madrid Depósito 2 17/01/2008     E-8096-7 1141237 23/02/2023 23/02/2023 Libro impreso